<?xml version="1.0" encoding="UTF-8"?>
<collection xmlns="http://www.loc.gov/MARC21/slim">
 <record>
  <leader>04158ntm a22005057a 4500</leader>
  <controlfield tag="001">000201670</controlfield>
  <controlfield tag="003">CZ-PrVSE</controlfield>
  <controlfield tag="005">20110703181257.0</controlfield>
  <controlfield tag="006">m        d</controlfield>
  <controlfield tag="007">cr n||||||||||</controlfield>
  <controlfield tag="008">110703s2009    xr     fsbm   000 0 cze d</controlfield>
  <datafield tag="STA" ind1=" " ind2=" ">
   <subfield code="a">NEZPRACOVANÝ IMPORT</subfield>
  </datafield>
  <datafield tag="040" ind1=" " ind2=" ">
   <subfield code="a">ABA006</subfield>
   <subfield code="b">cze</subfield>
   <subfield code="c">ABA006</subfield>
   <subfield code="d">ABA006</subfield>
  </datafield>
  <datafield tag="100" ind1="1" ind2=" ">
   <subfield code="a">Šmídová, Radana,</subfield>
   <subfield code="d">1977-</subfield>
   <subfield code="7">vse2005299806</subfield>
   <subfield code="4">dis</subfield>
  </datafield>
  <datafield tag="242" ind1="1" ind2="0">
   <subfield code="a">The specifics of German conception of financial analysis and possibilities of their implementing into Czech methodology</subfield>
   <subfield code="y">eng</subfield>
  </datafield>
  <datafield tag="245" ind1="1" ind2="0">
   <subfield code="a">Specifika německého pojetí finanční analýzy a možnosti jejich implementace do české metodiky</subfield>
   <subfield code="h">[elektronický zdroj] /</subfield>
   <subfield code="c">Radana Šmídová</subfield>
  </datafield>
  <datafield tag="260" ind1=" " ind2=" ">
   <subfield code="c">2009</subfield>
  </datafield>
  <datafield tag="300" ind1=" " ind2=" ">
   <subfield code="a">?? s. :</subfield>
   <subfield code="3">digital, PDF soubor</subfield>
  </datafield>
  <datafield tag="500" ind1=" " ind2=" ">
   <subfield code="a">Vedoucí práce: Rolf Grünwald</subfield>
  </datafield>
  <datafield tag="502" ind1=" " ind2=" ">
   <subfield code="a">Disertační práce (Ph.D.)—Vysoká škola ekonomická v Praze. Fakulta financí a účetnictví, 2009</subfield>
  </datafield>
  <datafield tag="504" ind1=" " ind2=" ">
   <subfield code="a">Obsahuje bibliografii</subfield>
  </datafield>
  <datafield tag="516" ind1=" " ind2=" ">
   <subfield code="a">Textový (vysokoškolská kvalifikační práce)</subfield>
  </datafield>
  <datafield tag="518" ind1=" " ind2=" ">
   <subfield code="a">Rok obhajoby 2009</subfield>
  </datafield>
  <datafield tag="520" ind1="3" ind2=" ">
   <subfield code="a">Tématem disertační práce jsou specifika německého pojetí finanční analýzy a možnosti jejich implementace do české metodiky. V české odborné literatuře zabývající se finanční analýzou zaznamenáváme odkazy na prameny v německém jazyce jen výjimečně. Z toho důvodu se stalo studium německo-jazyčné literatury, inspirace německými autory a hledání námětů orientovaných na doplnění u nás obvyklých metod finanční analýzy předmětem mé disertační práce. Zadání disertační práce vychází z hypotézy, že metody finanční analýzy, specifické pro díla německy píšících autorů, obsahují prvky, které lze účelně uplatnit také v naší praxi. Disertační práce si proto klade za úkol vypracovat studii specifik finanční analýzy, typických pro díla německy píšících autorů, s cílem poskytnout náměty na doplnění u nás obvyklých metod externí finanční analýzy. V disertační práci jsem představila na základě široké rešerše spektrum metodických prvků, zaznamenaných u předních německy píšících autorů, a v závěru jsem navrhla ty, které si, podle mého názoru, zaslouží začlenění mezi standardní nástroje používané u nás. Navrhla jsem pořádací soustavu pro analýzu platební schopnosti v krátkém období, zobrazující prospektivní schopnost podniku uhrazovat krátkodobé neúročené dluhy, krátkodobé úročené dluhy a úroky. Empirická studie demonstrovala přednosti pořádací soustavy ukazatelů likvidity, založené na námětech na doplnění metod finanční analýzy, inspirovaných německou odbornou literaturou. Podařilo se specifikovat 16 námětů, jak navázat u nás na specifické metodické prvky, které doporučují německy píšící autoři. Náměty na doplnění u nás obvyklých metodických přístupů představují zejména přínos k výraznějšímu zaměření externí finanční analýzy na predikci finanční pozice v krá</subfield>
  </datafield>
  <datafield tag="538" ind1=" " ind2=" ">
   <subfield code="a">Způsob přístupu: Internet</subfield>
  </datafield>
  <datafield tag="690" ind1=" " ind2=" ">
   <subfield code="a">soustavy ukazatelů</subfield>
  </datafield>
  <datafield tag="690" ind1=" " ind2=" ">
   <subfield code="a">specifika německého pojetí</subfield>
  </datafield>
  <datafield tag="690" ind1=" " ind2=" ">
   <subfield code="a">finanční analýza</subfield>
  </datafield>
  <datafield tag="653" ind1="0" ind2=" ">
   <subfield code="a">účetnictví a finanční řízení podniku [obor disert. práce]</subfield>
  </datafield>
  <datafield tag="655" ind1=" " ind2="7">
   <subfield code="a">disertace</subfield>
   <subfield code="7">fd132024</subfield>
   <subfield code="2">czenas</subfield>
  </datafield>
  <datafield tag="655" ind1=" " ind2="9">
   <subfield code="a">dissertations</subfield>
   <subfield code="2">eczenas</subfield>
  </datafield>
  <datafield tag="700" ind1="1" ind2=" ">
   <subfield code="a">Grünwald, Rolf,</subfield>
   <subfield code="d">1930-</subfield>
   <subfield code="7">jk01032785</subfield>
   <subfield code="4">ths</subfield>
  </datafield>
  <datafield tag="700" ind1="1" ind2=" ">
   <subfield code="a">Holečková, Jaroslava</subfield>
   <subfield code="7">ola2004212071</subfield>
   <subfield code="4">opn</subfield>
  </datafield>
  <datafield tag="710" ind1="2" ind2=" ">
   <subfield code="a">Vysoká škola ekonomická v Praze.</subfield>
   <subfield code="b">Fakulta financí a účetnictví</subfield>
   <subfield code="7">kn20010709398</subfield>
  </datafield>
  <datafield tag="856" ind1="4" ind2="0">
   <subfield code="u">https://isis.vse.cz/zp/21360/podrobnosti</subfield>
   <subfield code="y">VŠKP v InSIS</subfield>
  </datafield>
  <datafield tag="856" ind1="4" ind2="0">
   <subfield code="u">https://isis.vse.cz/zp/21360</subfield>
   <subfield code="y">Hlavní práce</subfield>
  </datafield>
  <datafield tag="856" ind1="4" ind2="0">
   <subfield code="u">https://isis.vse.cz/zp/21360/posudek/oponent/12906</subfield>
   <subfield code="y">Oponentura</subfield>
  </datafield>
  <datafield tag="856" ind1="4" ind2="0">
   <subfield code="u">https://isis.vse.cz/zp/21360/posudek/oponent/12907</subfield>
   <subfield code="y">Oponentura</subfield>
  </datafield>
  <datafield tag="856" ind1="4" ind2="0">
   <subfield code="u">https://isis.vse.cz/zp/21360/priloha/2754</subfield>
   <subfield code="y">Přiloha k práci</subfield>
  </datafield>
  <datafield tag="999" ind1="4" ind2="0">
   <subfield code="u">http://isis.vse.cz/zp/92290/podrobnosti</subfield>
   <subfield code="y">dc:identifier</subfield>
  </datafield>
  <datafield tag="993" ind1=" " ind2=" ">
   <subfield code="x">NEPOSILAT</subfield>
   <subfield code="y">VSKP</subfield>
  </datafield>
  <datafield tag="999" ind1="4" ind2="5">
   <subfield code="x">92290</subfield>
  </datafield>
  <datafield tag="999" ind1="4" ind2="9">
   <subfield code="a">vse21360</subfield>
   <subfield code="b">110630</subfield>
  </datafield>
 </record>
</collection>
